000 00663nam a22002297a 4500
005 20170124105936.0
010 _aA-585896
020 _c00.00
_a8170111390
035 _aA-585896
037 _bCen Lib/Ret
040 _aDPL
_bEN
082 _a001.64
_bRAJ
100 _aRajagopalan, R.
_99694
245 _aYou and the computer /
_bby Geeta Verma [and] Subir Roy
260 _aNew Delhi
_bChildren's Book Trust
_c1985
270 _a4 Bahadur Shah Zafar Marg
_bNew Delhi
300 _a132p. :
_bill.
_c20cm(Hb)
650 _aComputers
_99695
650 _aComputers
_99696
700 _aRoy, Subir
_97903
942 _2ddc
_cEN
_h001.64
_mRAJ
999 _c124185
_d124185